| 000 | 01028nam a2200253Ia 4500 | ||
|---|---|---|---|
| 003 | OSt | ||
| 005 | 20221005110329.0 | ||
| 006 | a|||||r|||| 00| 0 | ||
| 007 | ta | ||
| 008 | 221004b |||||||| |||| 00| 0 hin d | ||
| 020 |
_a8179751716 (hbk) _c200 |
||
| 024 | _a97597 | ||
| 037 |
_b434, 25/03/2009, Swaraj Prakashan _cTextual |
||
| 040 |
_aCRL _cCRL _bhin |
||
| 041 |
_2hin _ahin |
||
| 082 | _aO152,1:g(R), P7 | ||
| 100 | _aराज़दान, रंजना | ||
| 245 | 0 |
_aसमकालीन कविता और दर्शन _b विविध परिदृश्य |
|
| 246 | _aSamakālīn kavitā aur darshana: vividh paridṛushya | ||
| 260 |
_aनई दिल्ली _bअनामिका पब्लिशर्स एण्ड डिस्ट्रीब्यूटर्स भारत _c2007 |
||
| 300 |
_a131पृ0 _ccm. |
||
| 942 |
_hO152,1:g(R), P7 _cTEXL _2cc |
||
| 999 |
_c1018470 _d1018470 |
||